Melchor Ocampo /
Biografía de Melchor Ocampo, una de las principales figuras ideológicas del liberalismo, personaje central de la política mexicana de mediados del siglo XIX. Fue colaborador directo de Benito Juárez.
Guardado en:
| Autor principal: | |
|---|---|
| Formato: | Libro |
| Idioma: | Español |
| Publicado: |
México :
Jus,
1959, c1959
|
| Colección: | (Figuras y Episodios de la Historia de México ;
68) |
| Temas: | |
| Etiquetas: |
Sin etiquetas, Sé el primero en etiquetar este registro!
|
MARC
| LEADER | 00000nam^a2200000^a^4500 | ||
|---|---|---|---|
| 001 | 000102714 | ||
| 005 | 20250521000000.0 | ||
| 009 | 20260310093323.087 | ||
| 037 | |a Acervo ITESO - Biblioteca | ||
| 041 | |a ESP | ||
| 082 | |a 972. 04 |b MEN | ||
| 100 | |a Mena, Mario |e (autor) | ||
| 245 | 1 | 0 | |a Melchor Ocampo / |c M. Mena. |
| 264 | 4 | |a México : |b Jus, |c 1959, c1959 | |
| 300 | |a 63 p. | ||
| 336 | |a texto |b txt |2 rdacontenido | ||
| 337 | |a sin mediación |b n |2 rdamedio | ||
| 338 | |a volumen |b nc |2 rdasoporte | ||
| 440 | 1 | |a (Figuras y Episodios de la Historia de México ; |v 68) | |
| 520 | |a Biografía de Melchor Ocampo, una de las principales figuras ideológicas del liberalismo, personaje central de la política mexicana de mediados del siglo XIX. Fue colaborador directo de Benito Juárez. | ||
| 649 | |a XX | ||
| 650 | |a Ministros de Estado Mexicanos - |x Biografías | ||
| 650 | |a Políticos Mexicanos - |x Biografías | ||
| 650 | |a Política - |z México - |x Historia - |y Federalismo y Centralismo, 1824-1853 | ||
| 650 | |a Política - |z México - |x Historia - |y Dictadura, 1853-1855 | ||
| 650 | |a Política - |z México - |x Historia - |y Constitución y Reforma, 1855-1863 | ||
| 650 | |a Política - |z México - |x Historia - |y Siglo XIX | ||
| 650 | |a México - |x Historia - |y Federalismo y Centralismo, 1824-1853 | ||
| 650 | |a México - |x Historia - |y Dictadura, 1853-1855 | ||
| 650 | |a México - |x Historia - |y Constitución y Reforma, 1855-1863 | ||
| 650 | |a México - |x Historia - |y Siglo XIX | ||
| 650 | |a Ocampo, Melchor | ||
| 910 | |a Fondo Jesús Rodríguez | ||
| 920 | |a Impresos - Libros | ||
| 930 | |a Fondos Especiales | ||
| 905 | |a 113 | ||
| 901 | |a 0500039102 |b IT2 |c ESP |u 20250521 | ||
| 902 | |a https://opac.biblio.iteso.mx/vufind/Record/000102714 | ||